| 000 | 00465nam a2200193Ia 4500 | ||
|---|---|---|---|
| 005 | 20240823023715.0 | ||
| 008 | 240823s9999||||xx |||||||||||||| ||und|| | ||
| 020 | _a81-318-0095-4 | ||
| 041 | _aENGLISH | ||
| 082 | _A620.106 P7 | ||
| 100 | _a"Bansal,R.K" | ||
| 245 | 0 | _aSolid and Fluid Mechanics | |
| 250 | _a2nd | ||
| 260 |
_c2007 _b"Lakshmi Publications,New " |
||
| 500 | _aYES | ||
| 650 |
_aFluid Mechanics _bMechanical |
||
| 942 | _cBK | ||
| 999 |
_c182186 _d182186 |
||